000 00805nam a22002177a 4500
999 _c17736
_d17736
003 AR-CdUCM
008 190509b ||||| |||| 00| 0 spa d
040 _aMUNICIPALIDAD PROVINCIAL DEL CUSCO
_cBIBLIOTECA MUNICIPAL DEL CUSCO
082 _a133.9 /
_bF61
100 _aFlammarion , Camille
_937891
245 _aInvestigaciones psíquicas /
260 _aBuenos Aires :
_bMaucci hermanos e hijos,
300 _a127 páginas ;
_c19 cm.
440 _aBiblioteca de la vida editorial ;
_937892
505 _aContenido: Diversas experiencias y observaciones -- Una enquéte sobre la observación de los fenómenos inexplicados -- Teorías y doctrinas.
650 _aPsicología
_91538
650 _aPsiquiatría
_96305
650 _aPsíquicas
_937893
942 _2ddc
_cLIBROS
945 _aacv
_d2019-05-09